<?xml version="1.0" encoding="UTF-8"?>
<record
    xmlns:xsi="http://www.w3.org/2001/XMLSchema-instance"
    xsi:schemaLocation="http://www.loc.gov/MARC21/slim http://www.loc.gov/standards/marcxml/schema/MARC21slim.xsd"
    xmlns="http://www.loc.gov/MARC21/slim">

  <leader>01362nam a22002297a 4500</leader>
  <controlfield tag="003">SISC</controlfield>
  <controlfield tag="005">20180131110022.0</controlfield>
  <controlfield tag="008">180130b        xxu||||| |||| 00| 0 eng d</controlfield>
  <datafield tag="020" ind1=" " ind2=" ">
    <subfield code="a">9715081657</subfield>
  </datafield>
  <datafield tag="050" ind1=" " ind2=" ">
    <subfield code="a">PS 9993 .B68</subfield>
    <subfield code="b">.U63 2002</subfield>
  </datafield>
  <datafield tag="100" ind1=" " ind2=" ">
    <subfield code="a">Bose, Lilledeshan</subfield>
  </datafield>
  <datafield tag="245" ind1=" " ind2=" ">
    <subfield code="a">Una &amp; Miguel /</subfield>
    <subfield code="c">Lilledeshan Bose</subfield>
  </datafield>
  <datafield tag="250" ind1=" " ind2=" ">
    <subfield code="a">2nd edition</subfield>
  </datafield>
  <datafield tag="260" ind1=" " ind2=" ">
    <subfield code="a">Quezon City:</subfield>
    <subfield code="b">Adarna House, Inc.,</subfield>
    <subfield code="c">2002.</subfield>
  </datafield>
  <datafield tag="300" ind1=" " ind2=" ">
    <subfield code="a">107 pages ;</subfield>
    <subfield code="c">20 cm.</subfield>
  </datafield>
  <datafield tag="505" ind1=" " ind2=" ">
    <subfield code="a">Includes the story, Lia and Camille by Lilledeshan Bose and Sunantha Mendoza-Quibilan</subfield>
  </datafield>
  <datafield tag="520" ind1=" " ind2=" ">
    <subfield code="a">Una and Miguel are total opposites! He's the village heartthrob, part of the good-looking "in" crowd while Una is popular for the wrong reasons. She writes songs, plays the harmonica, wears a hemp anklet, and has equally eccentric friends -- not all the type of girl Miguel and his friends go for. They call her and her friends outcasts.

For these two, love is truly a long shot. But when they're forced to work together as a punishment for a prank-gone-wrong, they find that falling in love might not be so impossible after all. Will opposites attract? Or will they repel?</subfield>
  </datafield>
  <datafield tag="650" ind1=" " ind2=" ">
    <subfield code="2">Library of Congress Subject Headings</subfield>
    <subfield code="a">Love stories, Philippine (English)</subfield>
  </datafield>
  <datafield tag="650" ind1=" " ind2=" ">
    <subfield code="2">Library of Congress Subject Headings</subfield>
    <subfield code="a">Philippine fiction (English)</subfield>
  </datafield>
  <datafield tag="700" ind1=" " ind2=" ">
    <subfield code="a">Quibilan, Sunantha Mendoza </subfield>
  </datafield>
  <datafield tag="942" ind1=" " ind2=" ">
    <subfield code="2">lcc</subfield>
    <subfield code="c">BK</subfield>
  </datafield>
  <datafield tag="999" ind1=" " ind2=" ">
    <subfield code="c">353653</subfield>
    <subfield code="d">353653</subfield>
  </datafield>
  <datafield tag="952" ind1=" " ind2=" ">
    <subfield code="0">0</subfield>
    <subfield code="1">0</subfield>
    <subfield code="2">lcc</subfield>
    <subfield code="4">0</subfield>
    <subfield code="a">LUX</subfield>
    <subfield code="b">LUX</subfield>
    <subfield code="c">FIL</subfield>
    <subfield code="d">2018-01-30</subfield>
    <subfield code="e">Library Fund</subfield>
    <subfield code="l">1</subfield>
    <subfield code="m">1</subfield>
    <subfield code="o">PS 9993 .B68 .U63 2012</subfield>
    <subfield code="p">20484</subfield>
    <subfield code="r">2018-03-09 00:00:00</subfield>
    <subfield code="s">2018-02-02</subfield>
    <subfield code="t">1</subfield>
    <subfield code="w">2018-01-30</subfield>
    <subfield code="y">BK</subfield>
  </datafield>
  <datafield tag="952" ind1=" " ind2=" ">
    <subfield code="0">0</subfield>
    <subfield code="1">0</subfield>
    <subfield code="2">lcc</subfield>
    <subfield code="4">0</subfield>
    <subfield code="a">LUX</subfield>
    <subfield code="b">LUX</subfield>
    <subfield code="c">TR</subfield>
    <subfield code="d">2018-01-30</subfield>
    <subfield code="e">Library Fund</subfield>
    <subfield code="l">1</subfield>
    <subfield code="m">1</subfield>
    <subfield code="o">PS 9993 .B68 .U63 2012</subfield>
    <subfield code="p">20483</subfield>
    <subfield code="r">2018-03-09 00:00:00</subfield>
    <subfield code="s">2018-02-02</subfield>
    <subfield code="t">2</subfield>
    <subfield code="w">2018-01-30</subfield>
    <subfield code="y">BK</subfield>
  </datafield>
</record>
